We eat dinner in the bathtub / (Kayıt no. 23040)

MARC ayrıntıları
000 -BAŞLIK
Sabit Uzunluktaki Kontrol Alanı 00751nam a22002177a 4500
003 - KONTROL NUMARASI KİMLİĞİ
Kontrol Alanı koha_MIRAKIL
005 - EN SON İŞLEM TARİHİ ve ZAMANI
Kontrol Alanı 20251210103222.0
008 - SABİT UZUNLUKTAKİ VERİ ÖGELERİ - GENEL BİLGİ
Sabit Alan 251210b eng||||| |||| 00| 0 eng d
020 ## - ISBN - ULUSLARARASI STANDART KİTAP NUMARASI
Isbn 9780590738866
040 ## - KATALOGLAMA KAYNAĞI
Özgün Kataloglama Kurumu TR-IsEVY
Kataloglama Dili tur
Çeviri Kurumu TR-IsEVY
082 ## - DEWEY ONU SINIFLAMA SİSTEMİ
Sınıflama Numarası 420 MED/W
100 ## - KİŞİ ADI
Yazar Adı (Kişi adı) Medearis, Angela Shelf
245 #4 - ESER ADI BİLDİRİMİ
Başlık We eat dinner in the bathtub /
Sorumluluk Bildirimi Angela Shelf Medearis, ; illustrated by Jacqueline Rogers.
260 ## - YAYIN, DAĞITIM, VB.
Yayın Yeri New York :
Yayınevi Scholastic,
Yayın Tarihi 2003.
300 ## - FİZİKSEL TANIMLAMA
Sayfa, Cilt vb. 32 p. :
Diğer fiziki detaylar colour pictures. ;
Boyutları 23 cm.
490 0# - DİZİ BİLDİRİMİ
Dizi Bildirimi Scholastic Reader Level ; 2.
650 ## - KONU BAŞLIĞI EK GİRİŞ - KONU TERİMİ
Konusal terim veya coğrafi ad English Language.
Alt başlık biçimi English Readers.
Genel Alt Konu Reading Books.
650 ## - KONU BAŞLIĞI EK GİRİŞ - KONU TERİMİ
Konusal terim veya coğrafi ad İngiliz Dili.
Alt başlık biçimi İngilizce Okuma Kitapları.
700 1# - EK GİRİŞ - KİŞİ ADI
Yazar Adı (Kişi adı) Rogers, Jacqueline.
Ünvan illustrated.
942 ## - EK GİRİŞ ÖGELERİ (KOHA)
Source of classification or shelving scheme Dewey Decimal Classification
Koha item type Kitap
Mevcut
Kayıp Durumu Sınıflandırma Kaynağı Hasarlı Durumu Koleksiyon Kodu Kalıcı Konum Mevcut Konum Kayıt Tarih Edinim Kaynağı Toplam Ödünçverme Yer Numarası Demirbaş Numarası Son Görülme Tarihi Fatura Tarihi Materyal Türü Kopya Bilgisi
  Dewey Decimal Classification   İlkokul İLKOKUL KÜTÜPHANESİ İLKOKUL KÜTÜPHANESİ 10/12/2025 Bağış   420 MED/W 24536 10/12/2025 10/12/2025 Kitap  
  Dewey Decimal Classification   İlkokul İLKOKUL KÜTÜPHANESİ İLKOKUL KÜTÜPHANESİ 10/12/2025 Bağış   420 MED/W 24537 10/12/2025 10/12/2025 Kitap k.2
  Dewey Decimal Classification   İlkokul İLKOKUL KÜTÜPHANESİ İLKOKUL KÜTÜPHANESİ 10/12/2025 Bağış   420 MED/W 24538 10/12/2025 10/12/2025 Kitap k.3